000 00326 a2200157 4500
001 158645
020 _a
040 _cMagnum
100 _a-
240 1 0 _aEnciclopedia seculo xx/v.2
_lpor
245 1 0 _aEnciclopedia seculo xx/v.2
362 0 _a1899
440 1 _aJosé Olympio
697 _aENCICLOPEDIAS
942 _cBK
999 _c158645
_d158645